Suomen puolustusvoimien kalusto - Statistics

Yleistilastot
  • Tätä visaa on pelattu 28 kertaa
  • Keskiarvotulos 3 / 16
Vastaustilastot
Kuvavisa Vastaus % Oikein
F/A-18 Hornet
79%
Leopard 2A4
54%
Leopard 2A6
50%
BMP-2
29%
Patria XA-203
29%
Patria XA-300
29%
Patria XA-360
21%
Patria XA-361
17%
CV9030
13%
MT-LBV
8%
RG32M
8%
MD500
4%
F-35A
0%
NH90 TTH
0%
Sisu GTP 4x4
0%
Sisu XA-180M
0%
Ehtoja vastaavia visoja ei löytynyt
Tulosjakauma
Jokaisen tuloksen saaneiden osuus
Persentiili vastausten määrän mukaan
Tuloshistoriasi
Et ole pelannut tätä visaa